01877nam a2200337 a 4500001001200000003000800012006001900020007001500039008004100054010001700095020002800112020003500140040002100175035002000196050002500216082002000241100003400261245011400295260005600409300002300465504006400488505053100552533015201083650004301235650004301278651002901321655002901350710001701379856012601396999001701522ebr10079974CaPaEBRm u cr cn|||||||||040730s2005 caua sb s001 0 eng  z 2004017991 z0520243110 (alk. paper) z0520243129 (pbk. : alk. paper) aCaPaEBRcCaPaEBR a(OCoLC)7072651514aBL2525b.A563 2005eb04a206/.5/09732221 aAmmerman, Nancy Tatom,d1950-10aPillars of faithh[electronic resource] :bAmerican congregations and their partners /cNancy Tatom Ammerman. aBerkeley :bUniversity of California Press,cc2005. axi, 343 p. :bill. aIncludes bibliographical references (p. 309-337) and index.0 aCommon patterns and diverse streams : listening to America's communities of faith -- Building traditions : worshiping and learning together -- Building communities : food, fun, and fellowship -- Building networks of faith : partners and producers -- Extending the community : serving the needy, saving souls -- Doing good together : networks of work in the world -- Nurturing traditions : stories and practices for religious pilgrims -- Voluntary and diverse communities of faith : American congregations and American society. aElectronic reproduction.bPalo Alto, Calif. :cebrary,d2013.nAvailable via World Wide Web.nAccess may be limited to ebrary affiliated libraries. 0aReligious institutionszUnited States. 0aReligion and sociologyzUnited States. 0aUnited StatesxReligion. 7aElectronic books.2local2 aebrary, Inc.40uhttp://site.ebrary.com/lib/rucke/Doc?id=10079974zAn electronic book accessible through the World Wide Web; click to view c54115d54115